Relatos de ciencia ficción /

Las características del género, el impacto de los avances científicos en la narrativa de ciencia ficción, y tópicos como los viajes a través del tiempo, los encuentros con seres de otra dimensión y la rebelión de las máquinas.

Guardado en:
Autor Principal: Sauvignone, Marcelo
Autor Corporativo: Canal Encuentro.
Formato: Deslizar
Publicado: Argentina, 2011
Series:Horizontes. Lengua
Materias:
Etiquetas: Agregar Etiqueta
Sin Etiquetas, Sea el primero en etiquetar este registro!
LEADER 01105ngm a22003015g 4500
001 CEM.cems023706
008 130507s2011##################0###0#####d
005 20250624185946.0
245 1 0 |a Relatos de ciencia ficción /  |c Marcelo Sauvignone. 
260 |a Argentina,  |c 2011 
300 |a 30'. 
490 0 |a Horizontes. Lengua 
500 |a Consultar en ventanilla. 
538 |a Soporte: DVD - Color: Si - Grabación DRD 
520 |a Las características del género, el impacto de los avances científicos en la narrativa de ciencia ficción, y tópicos como los viajes a través del tiempo, los encuentros con seres de otra dimensión y la rebelión de las máquinas. 
100 1 |a Sauvignone, Marcelo 
710 2 |a Canal Encuentro. 
082 4 0 |/ SAU-1 
653 |a LITERATURA 
653 |a CUENTO 
653 |a LENGUA 
653 |a LENGUA Y LITERATURA 
653 |a GENEROS LITERARIOS 
653 |a CIENCIA FICCION 
653 |a LITERATURA FANTASTICA 
653 |a FUTUROLOGIA 
653 |a SERIE DE TELEVISIÓN 
859 |a CEMS  |b BIB. CEMS - Depto. Recursos Didacticos  |h 401  |i SAU-1  |k DRD  |p 2349.15  |t Ej.1